Stratégiaváltás az izraeli kül- és belpolitikában

Elmentve itt :
Bibliográfiai részletek
Szerző: Kőrösi Gábor
További közreműködők: Löffler Tibor (Témavezető)
Dokumentumtípus: Szakdolgozat
Megjelent: 1998
Tárgyszavak:
Online Access:http://diploma.bibl.u-szeged.hu/24415
LEADER 00565nta a2200157 i 4500
001 dipl24415
005 20130314082701.0
008 110901s1998 hu om 0|| zxx d
040 |a SZTE Diploma Repozitórium  |b hun 
041 |a zxx 
100 1 |a Kőrösi Gábor 
245 1 0 |a Stratégiaváltás az izraeli kül- és belpolitikában  |h [elektronikus dokumentum] /  |c Gábor Kőrösi 
260 |c 1998 
650 4 |a Jogi és igazgatási tanulmányok 
700 1 |a Löffler Tibor  |e ths 
856 4 0 |u http://diploma.bibl.u-szeged.hu/id/eprint/24415/1/1998_korosi_gabor.pdf  |z Dokumentum-elérés